|
|
|
|
| LEADER |
00986nab#a2200349#ar4500 |
| 001 |
000090262 |
| 003 |
SVKKK |
| 005 |
20080630095633.0 |
| 008 |
080509c2008 xo |||||||||||||||b|eng |
| FMT |
|
|
|
| 015 |
|
|
|a SNBRB2008/06
|
| 038 |
|
|
|a SVKKK
|
| 040 |
|
|
|a SVKKK
|b slo
|e AACR2
|
| 041 |
0 |
|
|a eng
|b eng
|
| 044 |
|
|
|a ne
|c NL
|
| 080 |
|
|
|a 624.121.54
|2 1997
|
| 100 |
1 |
|
|a Singh, Mahendra
|4 aut
|
| 242 |
1 |
0 |
|a Vysoký pomer bočného pretvorenia v puklinovitých horninových masívoch
|
| 245 |
1 |
0 |
|a High lateral strain ratio in jointed rock masses
|c Mahendra Singh, Bhawani Singh
|
| 300 |
|
|
|b Obr., tab.
|
| 504 |
|
|
|a Bibliogr. odkazy
|
| 546 |
|
|
|a Res. angl.
|
| 650 |
0 |
4 |
|a puklinovitosť horninových masívov
|x bočné pretvorenie
|x dilatácia
|
| 700 |
1 |
|
|a Singh, Bhawani
|4 aut
|
| 773 |
0 |
|
|t Engineering geology
|g Roč. 98, č. 3-4 (máj 2008), s. 75-85
|x 0013-7952
|
| 958 |
|
|
|a NB
|
| 974 |
|
|
|a Ni
|
| 992 |
|
|
|a RBX
|
| BAS |
|
|
|
| 852 |
|
|
|a SVKKK
|b BIB
|
| EXP |
|
|
|
| 998 |
|
|
|a GEO
|